000 00508nam a22001937a 4500
003 OSt
005 20260416111350.0
008 260416b |||||||| |||| 00| 0 eng d
020 _a9781511402057
040 _cDDC
082 _a362.5 MUL 2015
100 _aMulumba, Eric Zozo
_919579
245 _aPoverty Reduction Strategies for Developing Countries
260 _aUSA; Well Being, 2015
300 _a154p; ill: 21.5cm
504 _aReferences included
650 _aPoverty
_98
942 _2ddc
_cO_SHELF
999 _c9630
_d9630